[Event "RUS-chT B4 corr"]
[Site "Russia"]
[Date "1996.??.??"]
[Round "?"]
[White "Gorin, Aleksandr Alekseevi"]
[Black "Gulyaev, Vladimir Yakovlevic"]
[Result "1-0"]
[WhiteElo "2341"]
[BlackElo "2176"]
[PlyCount "105"]
[EventDate "1996.??.??"]
[EventType "team-tourn (corr)"]
[EventRounds "18"]
[EventCountry "RUS"]
[SourceTitle "Corr 2011"]
[Source "ChessBase"]
[SourceDate "2010.08.31"]
[SourceVersion "1"]
[SourceVersionDate "2010.08.31"]
[SourceQuality "1"]

1. d4 Nf6 2. Bg5 d5 3. Bxf6 gxf6 4. e3 c5 5. dxc5 e6 6. Nd2 Bxc5 7. c3 Nc6 8. g3 e5 9. Bg2 Be6 10. Ngf3 f5 11. Qa4 0-0 12. b4 Bd6 13. b5 Na5 14. Ng1 Rc8 15. Ne2 Bc5 16. Nb3 Bb6 17. Nxa5 Bxa5 18. 0-0 Rc4 19. Qa3 Qb6 20. Qe7 f6 21. Rad1 Rc7 22. Qxe6+ Qxe6 23. Bxd5 Qxd5 24. Rxd5 Bxc3 25. f4 Bb2 26. Rfd1 Re8 27. Kf2 Ba3 28. fxe5 fxe5 29. R1d3 Bb4 30. Rd7 Rec8 31. a4 Ba5 32. Rxc7 Rxc7 33. Rd5 Re7 34. e4 fxe4 35. Ke3 Kf7 36. Kxe4 Kf6 37. Rd6+ Kg5 38. Ng1 Kg4 39. Nf3 Kh3 40. Rh6+ Kg2 41. Nh4+ Kf2 42. Nf5 Bd2 43. Nxe7 Bxh6 44. Nc6 Be3 45. Nxe5 Bb6 46. g4 Bd8 47. Kf5 Kg2 48. g5 Kxh2 49. Ng4+ Kg3 50. Nf6 Kf3 51. Nxh7 Bxg5 52. Nxg5+ Ke3 53. Ke5 1-0